00273nam a22001097a 4500008004100000050002500041100002200066245001900088260002700107300001000134650001900144180712b xxu||||| |||| 00| 0 eng d aQH431b.D43 1997 c.1 aDhar, Pawan Kumar aHuman genetics aNew DhelibJapeec1997 a163p. aHuman Genetics